| 000 | 00000nam 2200000za 4500 |
| 001 | 9.846723 |
| 003 | CaOODSP |
| 005 | 20221107153254 |
| 007 | cr ||||||||||| |
| 008 | 171107r20081994onc #o f000 0 fre d |
| 020 | |z978-0-660-94580-4 |
| 040 | |aCaOODSP|bfre |
| 043 | |an-cn--- |
| 086 | 1 |aNH15-98/1994F-PDF|zNH15-98/1994F |
| 245 | 00|aNettoyer sa maison après une inondation |h[ressource électronique]. |
| 250 | |aDeuxième édition. |
| 260 | |a[Ottawa] : |bSCHL, |cc1994, révisé : 2005, 2007, 2008; réimprimé : 1996, 2005, 2007, 2008. |
| 300 | |a42 p. |
| 500 | |aPubl. aussi en anglais sous le titre : Cleaning up your house after a flood. |
| 500 | |a« Cette deuxième édition de Nettoyer sa maison après une inondation a été révisée et adaptée à partir de la première édition rédigée par Jim White, de la SCHL ». |
| 500 | |aÉdition numérisée de l’imprimée, 2008 [par Société canadienne d'hypothèques et de logement]. |
| 520 | |a« Par inondation, on entend tout événement qui entraîne le mouillage considérable de matières. Nettoyer sa maison après une inondation vous aidera à réparer les dommages causés par l’eau à votre maison et à son contenu lors d’une grosse fuite de plomberie, d’un important déversement, d’une inondation ou d’un refoulement des eaux d’égout »--p. 5. |
| 692 | 07|2gccst|aInondation |
| 710 | 2 |aSociété canadienne d'hypothèques et de logement. |
| 775 | 08|tCleaning up your house after a flood |w(CaOODSP)9.846715 |
| 856 | 40|qPDF|s1.11 Mo|uhttps://publications.gc.ca/collections/collection_2017/schl-cmhc/nh15/NH15-98-1994-fra.pdf |